Datum a čas kvízu
19
Celkem bodů
Celkový počet nahraných bodů na tomto kvízu bez doplňovacích otázek.
12.
Pořadí na kvízu
Konečné umístění týmu na tomto kvízu.
Zaznamenané odpovědi
| # | Otázka | Odpověď | Body | Výsledky |
|---|---|---|---|---|
| 1. | V Olomouci se objevil případ m... | na sušáku na prádlo (na klepači na koberce) | 1 | |
| 2. | Donald Trump oznámil, že chce... | vítězný oblouk | 1 | |
| 3. | Středeční přehlídka spodního p... | A) v devátém měsíci těhotenství | 1 | |
| 4. | Která společnost se umístila n... | Apple | 0 | |
| 5. | Půl bodu získáte za jméno vítě... | Kalle Rovanperä, finská | 0 | |
| 6. | Napište jméno pouště na obrázk... | Namib (Namibská poušť) | 0 | |
| 7. | Uveďte, kterým čtyřpísmenným p... | vádí | 0 | |
| 8. | Vyberte, se kterým živočichem... | B | 1 | |
| 9. | Pokud bylo cílovým místem slav... | růžová (Růžové jezero) | 0 | |
| 10. | Který spisovatel je autorem vě... | Frank Herbert | 0 |